Educación democrática /
Guardado en:
| Autor Principal: | |
|---|---|
| Formato: | Libro |
| Publicado: |
Buenos Aires :
Troquel,
1956
|
| Materias: | |
| Etiquetas: |
Agregar Etiqueta
Sin Etiquetas, Sea el primero en etiquetar este registro!
|
| LEADER | 00429nam a22001575a 4500 | ||
|---|---|---|---|
| 001 | CEM.cems006477 | ||
| 005 | 20060214000000.0 | ||
| 008 | 130507s1956##################000#0#####d | ||
| 003 | CEMS | ||
| 082 | 0 | 4 | |a 320 |
| 100 | 1 | |a Vedia, Agustín De | |
| 245 | 1 | 0 | |a Educación democrática / |
| 260 | |a Buenos Aires : |b Troquel, |c 1956 | ||
| 300 | |a 255 p. | ||
| 653 | |a Ciencias políticas | ||
| 859 | |a CEMS |b BIB. CEMS - 11 de abril |h 320 |i V515/I |p 8438.80 |t Ej.1 | ||
